Don Quixote de la Mancha /

Bibliographic Details
Main Author: Cervantes Saavedra, Miguel de, 1547-1616
Format: Book
Language:English
Published: London : C. Daly, 1842.

MARC

Tag First Indicator Second Indicator Subfields
LEADER 00000cam a22000001 4500
001 in00002017538
005 20151031151734.0
008 710514s1842 enka 000 1 eng
010 |a  68125936  
020 |c 170 EUR 
035 |a (OCoLC)ocm02616284 
040 |a DLC  |c DLC  |d OCL  |d OCLCQ  |d TXA  |d UtOrBLW 
041 1 |a eng  |h spa 
043 |a e-sp--- 
049 |a TXAM 
050 0 0 |a PQ6329  |b .A2 1842b 
100 1 |a Cervantes Saavedra, Miguel de,  |d 1547-1616. 
240 1 0 |a Don Quixote.  |l English 
245 1 0 |a Don Quixote de la Mancha /  |c translated from the Spanish of Miguel de Cervantes Saavedra. 
264 1 |a London :  |b C. Daly,  |c 1842. 
300 |a viii, 507 pages :  |b illustrations ;  |c 25 cm. 
336 |a text  |b txt  |2 rdacontent 
337 |a unmediated  |b n  |2 rdamedia 
338 |a volume  |b nc  |2 rdacarrier 
580 |a Forms part of The Eduardo Urbina Cervantes Project Collection. 
994 |a E0  |b TXA 
948 |a cataloged  |b h  |c 2004/12/10  |d c  |e mzajicek  |f 10:53:28 am 
999 |a MARS 
999 f f |s 3d214dbb-e179-382f-b3e9-74b57b78731a  |i 70e89b5c-bb33-3fe9-9d26-a00d27292355  |t 0 
952 f f |p noncirc  |a Texas A&M University  |b College Station  |c Cushing Memorial Library & Archives  |d Cushing: Rare Books (Does not check out)  |t 0  |e PQ6329 .A2 1842b  |h Library of Congress classification  |i unmediated -- volume 
998 f f |a PQ6329 .A2 1842b  |t 0  |l Cushing: Rare Books (Does not check out)